| 000 | 00794nam a22002177a 4500 | ||
|---|---|---|---|
| 005 | 20120412160459.0 | ||
| 008 | 120412t xxu||||| |||| 00| 0 eng d | ||
| 010 | _aENG-104978 | ||
| 020 |
_a9788189487904 _c650.00 |
||
| 035 | _aEN-88511 | ||
| 037 | _bDBAD/PUB | ||
| 040 |
_aDPL _bEng |
||
| 100 |
_aDatta, Partho _945004 |
||
| 245 |
_aPlanning the city : _cby Partho Datta _burbanization and reform in Calcutta c.1800-c.1940 / |
||
| 260 |
_aNew Delhi _bTulika Books _c2012 |
||
| 270 |
_a35 A/1 (third floor), Shahpur Jat _bNew Delhi _e110049 |
||
| 300 |
_axv,332p. : _c25cm(Hb) _bill. |
||
| 500 | _aIncludes bibliographical references and index | ||
| 942 |
_2ddc _cEN _mDAT |
||
| 999 |
_c64924 _d64924 |
||